1166 1820 1389 1396 1550 1086 1111 1915 1987 1844 1930 1237 1478 1894 1993 1941 1514 1978 1160 1656 1023 1205 1318 1786 1239 1386 1998 1110 1570 1198 1224 1721 1899 1641 1070 1770 1038 1228 1095 1662 1643 1504 1671 1117 1618 1802 1455 1581 1220 1414 1518 1385 1159 1914 1626 1590 1623 1911 1708 1534 1344 1168 1859 1153 1972 1369 1752 1046 1367 1165 1536 1262 1849 1453 1201 1883 1324 1344 1800 1261 1065 1260 1385 1728 1268 1745 1649 1964 1179 1054 1405 1926 1988 1912 1769 1558 1805 1652 1126 BCNSPRNW ULIB Ver.6.0+V

เปลี่ยนเป็นภาษาไทย

Change to English
 แสดงรายละเอียดบรรณานุกรม
  กลับหน้าหลัก

Brief Record : Get Marc (ISO 2709) : E-mail record : QR code < ปิดหน้าต่าง
LEADER : 00000nam 2200000uu 4500
001    13399113598
003     ULIB
008    020711s2550 th a 000 0 tha d
020    9743230521
090    นว.^bบ334จ 2550
100    บินหลา สันกาลาคีรี
245    เจ้าหงิญ/^cบินหลา สันกาลาคีรี
250    พิมพ์ครั้งที่ 19
260    กรุงเทพฯ :^bมติชน,^c2550
300    127 หน้า
710 1  มติชน
945    ^p100^l0^i14459
945    ^p100^l0^i022034
995    ทศพร
999 ^a ทศพร
รายการนี้ยังไม่มีแท็ก
คุณยังไม่ได้ล็อกอิน คุณสามารถมีกิจกรรมร่วมกับเว็บไซต์ได้ แต่ต้องล็อกอินก่อน ::
  ล็อกอิน

รายการสื่อสารสนเทศ

ลำดับที่ ประเภท เลขเรียก/บาร์โค้ด สถานที่ สถานะ
1. นวนิยาย
นวนิยาย
นว. บ334จ 2550 ฉ.1 
  Barcode: 14459
ห้องสมุดวิทยาเขตสวรรค์ประชารักษ์
►นวนิยาย
บนชั้น
  ขอยืม
2. นวนิยาย
นวนิยาย
นว. บ334จ 2550 ฉ.1 
  Barcode: 022034
ห้องสมุดวิทยาเขตสวรรค์ประชารักษ์
►นวนิยาย
บนชั้น
  ขอยืม

BibComment


ยังไม่เคยถูกคอมเมนท์

คอมเมนท์ทรัพยากรรายการนี้
  คอมเมนท์: เจ้าหงิญ บินหลา ส..


 Copyright 2026. Bcnsprnw @Library